Estatísticas para Países da Ásia

Clique aqui para jogar o quiz

Estatísticas Gerais

  • Esse quiz foi jogado 50 396 vezes
    (50 380 desde o último reset)
  • A pontuação média é 36 de 48

Respostas no mapa

Respostas codificadas por cores de uma escala verde-vermelha no mapa do quiz de acordo com a % correta abaixo.
Carregando ...
 

Estatísticas das Respostas

País% Correto
China
99%
Japão
98%
Índia
96%
Coreia do Norte
96%
Coreia do Sul
96%
Arábia Saudita
89%
Irão
89%
Indonésia
88%
Turquia
87%
Mongólia
87%
Cazaquistão
86%
Paquistão
85%
Iraque
85%
Israel
84%
Afeganistão
83%
Tailândia
82%
Vietname
80%
Filipinas
80%
Emirados Árabes Unidos
80%
Taiwan
77%
Omã
77%
Nepal
77%
Síria
76%
Uzbequistão
75%
Catar
74%
Turquemenistão
74%
Malásia
73%
Butão
72%
Sri Lanka
72%
Bangladesh
71%
Iémen
71%
Laos
71%
Azerbaijão
70%
Jordânia
69%
Camboja
67%
Líbano
67%
Singapura
67%
Quirguistão
66%
Chipre
65%
Armênia
65%
Geórgia
64%
Tajiquistão
63%
Birmânia
62%
Kuweit
60%
Maldivas
59%
Bahrein
56%
Brunei
55%
Timor Leste
54%

Distribuição das Pontuações

Percentil de Números Respondidos

Porcentagem de Pessoas com Cada Pontuação

Sua Pontuação Histórica

Você não jogou esse quiz desde o último reset